{"text_format":"3","workbook":"xlsx","n_sheets":1,"sheets":["t134"],"read":"whole","date_system":"1900"}

{"sheet":"t134","index":0,"n_rows":158,"n_cols":7,"rows_kept":158,"merged":[[0,0,0,6],[30,0,30,5],[43,0,43,5],[139,0,139,5]]}
["TABELA 134.1 - Estatísticas Agrícolas, Município de Clementina, Estado de São Paulo, 2007/08."]
["ITEM","UNIDADE","N.DE UPAs","MÍNIMO","MÉDIO","MÁXIMO","TOTAL"]
["Distância à sede do município","km",345,0.1,{"v":6.83,"d":"6.8"},{"v":15,"d":"15.0"},"-"]
["Área total","hectare",345,0.2,{"v":47.92,"d":"47.9"},{"v":1761,"d":"1,761.0"},{"v":16531.1,"d":"16,531.1"}]
["Área com cultura perene","hectare",64,0.1,{"v":3.25,"d":"3.3"},31.6,207.8]
["Área com cultura temporária","hectare",130,0.3,{"v":51.59,"d":"51.6"},{"v":1005.6,"d":"1,005.6"},{"v":6707.1,"d":"6,707.1"}]
["Área com pastagem","hectare",282,0.2,{"v":30.16,"d":"30.2"},{"v":1613.5,"d":"1,613.5"},{"v":8506.1,"d":"8,506.1"}]
["Área com reflorestamento","hectare",43,0.3,{"v":1.62,"d":"1.6"},{"v":12,"d":"12.0"},69.8]
["Área com vegetação natural","hectare",33,0.1,5.4,30.2,178.1]
["Área com vegetação de brejo e várzea","hectare",166,0.1,3.9,87.1,647.6]
["Área em descanso","hectare",48,0.1,2.4,7.2,115.2]
["Área complementar","hectare",170,0.1,{"v":0.58,"d":"0.6"},2.5,99.4]
["Área das UPAs com (0, 1] ha","hectare",2,0.2,0.4,0.6,0.8]
["Área das UPAs com (1, 2] ha","hectare",5,1.2,{"v":1.54,"d":"1.5"},1.8,7.7]
["Área das UPAs com (2, 5] ha","hectare",25,2.4,{"v":3.87,"d":"3.9"},{"v":5,"d":"5.0"},96.7]
["Área das UPAs com (5, 10] ha","hectare",53,5.4,{"v":8.18,"d":"8.2"},{"v":10,"d":"10.0"},433.3]
["Área das UPAs com (10, 20] ha","hectare",100,10.6,{"v":15.16,"d":"15.2"},{"v":20,"d":"20.0"},{"v":1515.7,"d":"1,515.7"}]
["Área das UPAs com (20, 50] ha","hectare",88,20.5,31.2,48.4,{"v":2745.3,"d":"2,745.3"}]
["Área das UPAs com (50, 100] ha","hectare",48,50.8,{"v":71.63,"d":"71.6"},99.3,{"v":3438,"d":"3,438.0"}]
["Área das UPAs com (100, 200] ha","hectare",11,101.6,{"v":137.71,"d":"137.7"},199.5,{"v":1514.8,"d":"1,514.8"}]
["Área das UPAs com (200, 500] ha","hectare",9,203.2,{"v":289.13,"d":"289.1"},{"v":449,"d":"449.0"},{"v":2602.2,"d":"2,602.2"}]
["Área das UPAs com (500, 1.000] ha","hectare",2,508.2,675.4,842.6,{"v":1350.8,"d":"1,350.8"}]
["Área das UPAs com (1.000, 2.000] ha","hectare",2,{"v":1064.8,"d":"1,064.8"},{"v":1412.9,"d":"1,412.9"},{"v":1761,"d":"1,761.0"},{"v":2825.8,"d":"2,825.8"}]
["Área das UPAs com (2.000, 5.000] ha","hectare","-","-","-","-","-"]
["Área das UPAs com (5.000, 10.000] ha","hectare","-","-","-","-","-"]
["Área das UPAs acima de 10.000 ha","hectare","-","-","-","-","-"]
["Familiares do proprietário que trabalham na UPA","unidade",302,{"v":1,"d":"1.0"},{"v":1.53,"d":"1.5"},{"v":9,"d":"9.0"},{"v":462,"d":"462.0"}]
["Trabalhadores permanentes","unidade",74,{"v":1,"d":"1.0"},{"v":2.42,"d":"2.4"},{"v":9,"d":"9.0"},{"v":179,"d":"179.0"}]
["Fonte: Secretaria de Agricultura e Abastecimento, CDRS/IEA, Projeto LUPA."]
[]
["TABELA 134.2 - Explorações Animais, Município de Clementina, Estado de São Paulo, 2007/08."]
["ITEM","UNIDADE","N.DE UPAs","MÍNIMO","MÉDIO","MÁXIMO","TOTAL"]
["Asininos E Muares","cabeças",3,{"v":1,"d":"1.0"},{"v":1,"d":"1.0"},{"v":1,"d":"1.0"},{"v":3,"d":"3.0"}]
["Avestruzes e Ema (Criadouro)","cabeças",2,{"v":6,"d":"6.0"},{"v":53,"d":"53.0"},{"v":100,"d":"100.0"},{"v":106,"d":"106.0"}]
["Bovinocultura de Corte","cabeças",121,{"v":3,"d":"3.0"},{"v":66.85,"d":"66.9"},{"v":1143,"d":"1,143.0"},{"v":8089,"d":"8,089.0"}]
["Bovinocultura Leiteira","cabeças",41,{"v":4,"d":"4.0"},{"v":29.37,"d":"29.4"},{"v":141,"d":"141.0"},{"v":1204,"d":"1,204.0"}]
["Bovinocultura Mista","cabeças",42,{"v":3,"d":"3.0"},{"v":39.86,"d":"39.9"},{"v":360,"d":"360.0"},{"v":1674,"d":"1,674.0"}]
["Caprinocultura","cabeças",2,{"v":3,"d":"3.0"},21.5,{"v":40,"d":"40.0"},{"v":43,"d":"43.0"}]
["Equinocultura","cabeças",40,{"v":1,"d":"1.0"},{"v":4.98,"d":"5.0"},{"v":110,"d":"110.0"},{"v":199,"d":"199.0"}]
["Ovinocultura","cabeças",3,{"v":1,"d":"1.0"},{"v":23.67,"d":"23.7"},{"v":50,"d":"50.0"},{"v":71,"d":"71.0"}]
["Suinocultura","cabeças",20,{"v":1,"d":"1.0"},10.3,{"v":31,"d":"31.0"},{"v":206,"d":"206.0"}]
["Fonte: Secretaria de Agricultura e Abastecimento, CDRS/IEA, Projeto LUPA."]
[]
["TABELA 134.3 -  Máquinas, Implementos e Benfeitorias, Município de Clementina, Estado de São Paulo, 2007/08."]
["ITEM","UNIDADE","N.DE UPAs","MÍNIMO","MÉDIO","MÁXIMO","TOTAL"]
["Arado Comum (Bacia, Aiveca)","Unidade",50,{"v":1,"d":"1.0"},{"v":1.06,"d":"1.1"},{"v":2,"d":"2.0"},{"v":53,"d":"53.0"}]
["Arado Escarificador","Unidade",4,{"v":1,"d":"1.0"},{"v":1.25,"d":"1.3"},{"v":2,"d":"2.0"},{"v":5,"d":"5.0"}]
["Arado Subsolador","Unidade",1,{"v":1,"d":"1.0"},{"v":1,"d":"1.0"},{"v":1,"d":"1.0"},{"v":1,"d":"1.0"}]
["Colhedeira Acoplada","Unidade",4,{"v":1,"d":"1.0"},{"v":1,"d":"1.0"},{"v":1,"d":"1.0"},{"v":4,"d":"4.0"}]
["Colhedeira Automotriz","Unidade",1,{"v":1,"d":"1.0"},{"v":1,"d":"1.0"},{"v":1,"d":"1.0"},{"v":1,"d":"1.0"}]
["Conj.Irrigação Convencional","Unidade",4,{"v":1,"d":"1.0"},{"v":1,"d":"1.0"},{"v":1,"d":"1.0"},{"v":4,"d":"4.0"}]
["Conj.Irrigação/Gotejamento/Microaspersão","Unidade",1,{"v":1,"d":"1.0"},{"v":1,"d":"1.0"},{"v":1,"d":"1.0"},{"v":1,"d":"1.0"}]
["Conjunto de Fenação","Unidade",1,{"v":2,"d":"2.0"},{"v":2,"d":"2.0"},{"v":2,"d":"2.0"},{"v":2,"d":"2.0"}]
["Desintegrador, Picador, Triturador","Unidade",37,{"v":1,"d":"1.0"},{"v":1.03,"d":"1.0"},{"v":2,"d":"2.0"},{"v":38,"d":"38.0"}]
["Distribuidor de Calcário","Unidade",7,{"v":1,"d":"1.0"},{"v":1.14,"d":"1.1"},{"v":2,"d":"2.0"},{"v":8,"d":"8.0"}]
["Ensiladeira","Unidade",10,{"v":1,"d":"1.0"},1.2,{"v":2,"d":"2.0"},{"v":12,"d":"12.0"}]
["Grade Aradora (Tipo Romi)","Unidade",8,{"v":1,"d":"1.0"},{"v":1.13,"d":"1.1"},{"v":2,"d":"2.0"},{"v":9,"d":"9.0"}]
["Grade Niveladora","Unidade",44,{"v":1,"d":"1.0"},{"v":1.05,"d":"1.1"},{"v":2,"d":"2.0"},{"v":46,"d":"46.0"}]
["Implementos para Tração Animal","Unidade",11,{"v":1,"d":"1.0"},{"v":2.64,"d":"2.6"},{"v":6,"d":"6.0"},{"v":29,"d":"29.0"}]
["Microtrator","Unidade",2,{"v":1,"d":"1.0"},{"v":1,"d":"1.0"},{"v":1,"d":"1.0"},{"v":2,"d":"2.0"}]
["Misturador de Ração","Unidade",5,{"v":1,"d":"1.0"},{"v":1,"d":"1.0"},{"v":1,"d":"1.0"},{"v":5,"d":"5.0"}]
["Pulverizador Tratorizado","Unidade",8,{"v":1,"d":"1.0"},{"v":1.25,"d":"1.3"},{"v":2,"d":"2.0"},{"v":10,"d":"10.0"}]
["Resfriador de Leite, Tanque Expansão","Unidade",3,{"v":1,"d":"1.0"},{"v":1,"d":"1.0"},{"v":1,"d":"1.0"},{"v":3,"d":"3.0"}]
["Semeadeira/Adubadeira para Plantio Convencional","Unidade",16,{"v":1,"d":"1.0"},{"v":1.06,"d":"1.1"},{"v":2,"d":"2.0"},{"v":17,"d":"17.0"}]
["Semeadeira/Plantadeira Plantio Direto","Unidade",4,{"v":1,"d":"1.0"},1.5,{"v":3,"d":"3.0"},{"v":6,"d":"6.0"}]
["Terraceador","Unidade",1,{"v":1,"d":"1.0"},{"v":1,"d":"1.0"},{"v":1,"d":"1.0"},{"v":1,"d":"1.0"}]
["Trator de Esteiras","Unidade",2,{"v":1,"d":"1.0"},{"v":1,"d":"1.0"},{"v":1,"d":"1.0"},{"v":2,"d":"2.0"}]
["Trator de Pneus","Unidade",57,{"v":1,"d":"1.0"},{"v":1.19,"d":"1.2"},{"v":8,"d":"8.0"},{"v":68,"d":"68.0"}]
["Açude/Represa","Unidade",39,{"v":1,"d":"1.0"},{"v":1.38,"d":"1.4"},{"v":6,"d":"6.0"},{"v":54,"d":"54.0"}]
["Almoxarifado/Oficina","Unidade",1,{"v":2,"d":"2.0"},{"v":2,"d":"2.0"},{"v":2,"d":"2.0"},{"v":2,"d":"2.0"}]
["Armazém para Grãos Ensacados","Sacas",8,{"v":1,"d":"1.0"},{"v":1.25,"d":"1.3"},{"v":2,"d":"2.0"},{"v":10,"d":"10.0"}]
["Balança para Veículos","Unidade",1,{"v":1,"d":"1.0"},{"v":1,"d":"1.0"},{"v":1,"d":"1.0"},{"v":1,"d":"1.0"}]
["Barracão para Bicho da Seda/Sirgaria","Unidade",1,{"v":1,"d":"1.0"},{"v":1,"d":"1.0"},{"v":1,"d":"1.0"},{"v":1,"d":"1.0"}]
["Barracão para Granja/Avicultura","Unidade",1,{"v":2,"d":"2.0"},{"v":2,"d":"2.0"},{"v":2,"d":"2.0"},{"v":2,"d":"2.0"}]
["Barracão/Galpão/Garagem","Unidade",47,{"v":1,"d":"1.0"},{"v":1.23,"d":"1.2"},{"v":3,"d":"3.0"},{"v":58,"d":"58.0"}]
["Casa de Moradia Habitada","Unidade",82,{"v":1,"d":"1.0"},{"v":1.22,"d":"1.2"},{"v":5,"d":"5.0"},{"v":100,"d":"100.0"}]
["Casa de Moradia Total","Unidade",160,{"v":1,"d":"1.0"},{"v":1.44,"d":"1.4"},{"v":8,"d":"8.0"},{"v":231,"d":"231.0"}]
["Curral/Mangueira","Unidade",158,{"v":1,"d":"1.0"},{"v":1.07,"d":"1.1"},{"v":4,"d":"4.0"},{"v":169,"d":"169.0"}]
["Depósito/Tulha","Unidade",128,{"v":1,"d":"1.0"},{"v":1.12,"d":"1.1"},{"v":3,"d":"3.0"},{"v":143,"d":"143.0"}]
["Engenho","Unidade",1,{"v":1,"d":"1.0"},{"v":1,"d":"1.0"},{"v":1,"d":"1.0"},{"v":1,"d":"1.0"}]
["Estábulo","Unidade",4,{"v":1,"d":"1.0"},{"v":1,"d":"1.0"},{"v":1,"d":"1.0"},{"v":4,"d":"4.0"}]
["Estufa/Plasticultura","m²",1,{"v":800,"d":"800.0"},{"v":800,"d":"800.0"},{"v":800,"d":"800.0"},{"v":800,"d":"800.0"}]
["Fábrica de Farinha","Unidade",1,{"v":1,"d":"1.0"},{"v":1,"d":"1.0"},{"v":1,"d":"1.0"},{"v":1,"d":"1.0"}]
["Pocilga","Unidade",24,{"v":1,"d":"1.0"},{"v":1.13,"d":"1.1"},{"v":3,"d":"3.0"},{"v":27,"d":"27.0"}]
["Poço Semi-Artesiano","Unidade",25,{"v":1,"d":"1.0"},{"v":1,"d":"1.0"},{"v":1,"d":"1.0"},{"v":25,"d":"25.0"}]
["Posto Meteorológico","Unidade",1,{"v":1,"d":"1.0"},{"v":1,"d":"1.0"},{"v":1,"d":"1.0"},{"v":1,"d":"1.0"}]
["Silo para Silagem","t",3,{"v":1,"d":"1.0"},{"v":1.67,"d":"1.7"},{"v":3,"d":"3.0"},{"v":5,"d":"5.0"}]
["Terreiro","m²",38,{"v":1,"d":"1.0"},{"v":63.13,"d":"63.1"},{"v":200,"d":"200.0"},{"v":2399,"d":"2,399.0"}]
["Fonte: Secretaria de Agricultura e Abastecimento, CDRS/IEA, Projeto LUPA."]
[]
["TABELA 134.4 - Outras Estatísticas Agrícolas, Município de Clementina, Estado de São Paulo, 2007/08."]
["ITEM","Número de UPAs",null,"Percentual"]
["Faz Parte de Associação de Produtores",131,null,{"v":37.971014492753625,"d":"38.0"}]
["Faz Parte de Cooperativa de Produtores",86,null,{"v":24.92753623188406,"d":"24.9"}]
["Faz Parte do Sindicato de Produtores",86,null,{"v":24.92753623188406,"d":"24.9"}]
["Não utiliza assistência técnica ",127,null,{"v":36.81159420289855,"d":"36.8"}]
["Utiliza somente assistência técnica governamental ",202,null,{"v":58.55072463768116,"d":"58.6"}]
["Utiliza somente assistência técnica privada ",4,null,{"v":1.1594202898550725,"d":"1.2"}]
["Utiliza assistência técnica tanto governamental quanto privada",12,null,{"v":3.4782608695652177,"d":"3.5"}]
["Utiliza Crédito Rural",23,null,{"v":6.666666666666667,"d":"6.7"}]
["Utiliza Seguro Rural",8,null,{"v":2.318840579710145,"d":"2.3"}]
["Utiliza Escrituração Agrícola",22,null,{"v":6.3768115942028984,"d":"6.4"}]
["Acessa Internet p/ Fins na Agropecuária",2,null,{"v":0.5797101449275363,"d":"0.6"}]
["Utiliza Computador nas Atividades Agropecuárias",7,null,{"v":2.028985507246377,"d":"2.0"}]
["Utiliza Energia Elétrica Para Uso na Atividade Agrícola",194,null,{"v":56.231884057971016,"d":"56.2"}]
["Realiza Análise de Solo, quando necessário",45,null,{"v":13.043478260869565,"d":"13.0"}]
["Utiliza Práticas de Conservação de Solo, quando necessário",180,null,{"v":52.17391304347826,"d":"52.2"}]
["Faz Adubação Mineral, quando necessário",131,null,{"v":37.971014492753625,"d":"38.0"}]
["Faz Adubação Orgânica, quando necessário",45,null,{"v":13.043478260869565,"d":"13.0"}]
["Faz Adubação Verde, quando necessário",11,null,{"v":3.1884057971014492,"d":"3.2"}]
["Utiliza Manejo Integrado de Pragas (MIP)","-",null,"-"]
["Utiliza Hidroponia","-",null,"-"]
["Utiliza Plasticultura","-",null,"-"]
["Utiliza Mudas Fiscalizadas",8,null,{"v":2.318840579710145,"d":"2.3"}]
["Utiliza Semente Melhorada",36,null,{"v":10.434782608695652,"d":"10.4"}]
["Faz Confinamento de Bovinos",6,null,{"v":1.7391304347826086,"d":"1.7"}]
["Utiliza Pastejo Intensivo",89,null,{"v":25.79710144927536,"d":"25.8"}]
["Faz Inseminação Artificial","-",null,"-"]
["Faz Mineralização do Rebanho",160,null,{"v":46.3768115942029,"d":"46.4"}]
["Faz Vermifugação do Rebanho",162,null,{"v":46.95652173913044,"d":"47.0"}]
["Possui Parceiros /Arrendatários na Exploração Animal",11,null,{"v":3.1884057971014492,"d":"3.2"}]
["Esporte e lazer",4,null,{"v":1.1594202898550725,"d":"1.2"}]
["Extração mineral","-",null,"-"]
["Hotel Fazenda, Pousada ou SPA","-",null,"-"]
["Pesque-pague","-",null,"-"]
["Restaurante ou Lanchonete","-",null,"-"]
["Transformação artesanal","-",null,"-"]
["Turismo rural ou ecoturismo","-",null,"-"]
["Outras atividades econômicas rurais","-",null,"-"]
["Agroindústria","-",null,"-"]
["Proprietário sem instrução ou com instrução incompleta",33,null,{"v":9.565217391304348,"d":"9.6"}]
["Proprietário com antigo primário completo",141,null,{"v":40.869565217391305,"d":"40.9"}]
["Proprietário com 1° grau (ou antigo ginasial) completo",72,null,{"v":20.869565217391305,"d":"20.9"}]
["Proprietário com 2° grau (ou antigo colegial) completo",30,null,{"v":8.695652173913043,"d":"8.7"}]
["Proprietário com curso superior completo ",59,null,{"v":17.10144927536232,"d":"17.1"}]
["Pessoa Jurídica",10,null,{"v":2.898550724637681,"d":"2.9"}]
["Proprietário residente na própria UPA ",70,null,{"v":20.28985507246377,"d":"20.3"}]
["Fonte: Secretaria de Agricultura e Abastecimento, CDRS/IEA, Projeto LUPA."]
[]
["TABELA 134.5 - Área Cultivada, Município de Clementina, Estado de São Paulo, 2007/08."]
["CULTURA","N.DE UPAs","MÍNIMO","MÉDIO","MÁXIMO","TOTAL"]
["Braquiaria",281,0.2,{"v":30.13,"d":"30.1"},{"v":1613.5,"d":"1,613.5"},{"v":8466.1,"d":"8,466.1"}]
["Cana-de-acucar",110,0.3,{"v":58.59,"d":"58.6"},{"v":1005.6,"d":"1,005.6"},{"v":6444.8,"d":"6,444.8"}]
["Milho",20,{"v":1,"d":"1.0"},{"v":10.88,"d":"10.9"},{"v":87,"d":"87.0"},217.5]
["Cafe",61,0.1,{"v":2.63,"d":"2.6"},13.9,160.6]
["Eucalipto",41,0.3,{"v":1.62,"d":"1.6"},{"v":12,"d":"12.0"},66.5]
["Mandioca",1,42.4,42.4,42.4,42.4]
["Gramas",1,{"v":35,"d":"35.0"},{"v":35,"d":"35.0"},{"v":35,"d":"35.0"},{"v":35,"d":"35.0"}]
["Banana",1,31.6,31.6,31.6,31.6]
["Seringueira",1,{"v":10,"d":"10.0"},{"v":10,"d":"10.0"},{"v":10,"d":"10.0"},{"v":10,"d":"10.0"}]
["Capim-jaragua",1,{"v":5,"d":"5.0"},{"v":5,"d":"5.0"},{"v":5,"d":"5.0"},{"v":5,"d":"5.0"}]
["Outras florestais",2,0.6,1.5,2.4,{"v":3,"d":"3.0"}]
["Abacate",1,2.9,2.9,2.9,2.9]
["Quiabo",1,2.4,2.4,2.4,2.4]
["Manga",1,{"v":2,"d":"2.0"},{"v":2,"d":"2.0"},{"v":2,"d":"2.0"},{"v":2,"d":"2.0"}]
["Coco-da-baia",1,0.7,0.7,0.7,0.7]
["Pinus",1,0.3,0.3,0.3,0.3]
["Fonte: Secretaria de Agricultura e Abastecimento, CDRS/IEA, Projeto LUPA."]